000 00614nam a2200205Ia 4500
005 20260429112124.0
008 260429s9999||||xx |||||||||||||| ||und||
020 _a9789361310430
041 _aEnglish
082 _a330
_bAUS
100 _aAustin, Gareth
245 0 _aEconomic development and environmental history in the Anthropocene :
_bperspectives on Asia and Africa /
_cGareth Austin
250 _a1st ed.
260 _aNew Delhi :
_bBloomsbury,
_c2024.
300 _axi, 326 p.; pbk
650 _a Anthropocene
650 _a Economic development
650 _aEnvironmental history
942 _cTB
999 _c52460
_d52460